000 01230cab a2200361 4500
001 ABS48433
008 090401t1993 xxu||||| |||| 00| 0 eng d
035 _a(Sirsi) u66680
041 _aeng
245 _aElectronic surveying
260 _c1993
350 _a0
490 _aCivil Engineering Surveyor
_vApril 1993,(32)
520 _aFeature on electronic surveying equipment provides comparative charts listing a range of theodolites; EDMs, total stations, specialised distancers, GPS receivers, field computers and data recorders. Concludes with software packages for digital ground modelling plotting, mapping, computing and other survey functions.
650 _aCOMPUTING
650 _aDATA RECORDERS
650 _aDIGITAL GROUND MODELLING
650 _aEDMS
650 _aELECTONIC EQUIPMENT
650 _aFIELD COMPUTERS
650 _aGPS RECEIVERS
650 _aMAPPING
650 _aPLOTTING
650 _aSOFTWARE PACKAGES
650 _aSPECIALISED DISTANCERS
650 _aSURVEYING EQUIPMENT
650 _aTHEODOLITES
650 _aTOTAL STATIONS
690 _aMANAGEMENT-BUSINESS MANAGEMENT-INFORMATION MANAGEMENT
690 _aLAND SURVEYING
942 _n0
948 _c04/03/1997
999 _c41651
_d41651